| 000 | 00367nam a22001337a 4500 | ||
|---|---|---|---|
| 020 | _a9787513517225 | ||
| 082 |
_a895.116 _bKAI |
||
| 100 | _aKai, Ma | ||
| 245 |
_aEchoes of the Heart: _bSelected Poems / _cMa Kai |
||
| 260 |
_aBeijing : _bForeign Languages and Research Press, _c2012. |
||
| 300 |
_a417 p. ; _c24 cm. |
||
| 563 | _aHardcover. | ||
| 942 |
_2ddc _cBK |
||
| 999 |
_c611364 _d611364 |
||